000 00524nam a2200181Ia 4500
003 GCL
008 140319s9999 xx 000 0 ara d
040 _aGCL /
_cGCL
082 0 4 _a928
_bد هـ
100 1 _aدار الهلال
245 1 0 _aالهلال - فبراير 1967 /
_cدار الهلال
300 _a178 ص
490 _aالهيئة العامة للاستعلامات
_v0
650 0 4 _aجان بول سارتر
650 0 4 _aالدوريات
650 0 4 _aسيمون دى بوفوار
942 _2ddc
_cBK
999 _c51594
_d51594